000 00643nam a2200229Ia 4500
003 OSt
005 20220928124509.0
006 a|||||r|||| 00| 0
007 ta
008 220927b |||||||| |||| 00| 0 eng d
024 _a47745
037 _cTextual
040 _aSDCL
_cSDCL
_beng
041 _2eng
_aeng
082 _aV247:51'P, P4
100 _aSchofield Victoria
_9415073
245 0 _aKashmir in conflict
_b India,Pakistan and the unending war
260 _aNew Delhi
_bViva Books
_c2004
300 _axvi,297p
_ccm.
942 _hV247:51'P, P4
_cTEXL
_2CC
999 _c778641
_d778641